L'Hexagone en hexagones - Statistiques

Statistiques générales
  • Ce quiz a été pris 375 fois
  • Le résultat moyen est 42 sur 94
Réponses sur la Carte
Les réponses sont colorées sur une échelle allant du rouge au vert en fonction du pourcentage des utilisateurs qui les ont devinées à leur premier essai. Vous pouvez retrouver ces pourcentages ci-dessous.
 
Statistiques - réponses
Réponse % Correct
Paris
69%
Finistère
67%
Nord
66%
Pas-de-Calais
63%
Pyrénées-Atlantiques
62%
Vendée
61%
Côtes-d'Armor
60%
Ille-et-Vilaine
60%
Loire-Atlantique
59%
Gironde
57%
Morbihan
57%
Charente-Maritime
55%
Manche
55%
Landes
54%
Charente
53%
Somme
53%
Calvados
51%
Oise
51%
Pyrénées-Orientales
51%
Val-d'Oise
51%
Seine-et-Marne
50%
Seine-Maritime
50%
Seine-Saint-Denis
50%
Hautes-Pyrénées
48%
Hauts-de-Seine
48%
Val-de-Marne
48%
Yvelines
48%
Aisne
47%
Ardennes
47%
Deux-Sèvres
47%
Hérault
47%
Mayenne
47%
Bouches-du-Rhône
46%
Essonne
46%
Alpes-Maritimes
45%
Bas-Rhin
45%
Eure
45%
Haute-Garonne
45%
Haut-Rhin
44%
Maine-et-Loire
44%
Rhône
44%
Territoire de Belfort
44%
Var
44%
Alpes-de-Haute-Provence
43%
Gard
43%
Orne
43%
Sarthe
43%
Ariège
42%
Cantal
42%
Dordogne
42%
Eure-et-Loir
42%
Haute-Savoie
42%
Savoie
42%
Marne
41%
Puy-de-Dôme
41%
Vaucluse
41%
Vienne
41%
Vosges
41%
Ain
40%
Côte-d'Or
40%
Gers
40%
Hautes-Alpes
40%
Isère
40%
Meurthe-et-Moselle
40%
Allier
39%
Aude
39%
Drôme
39%
Haute-Vienne
39%
Jura
39%
Loire
39%
Haute-Loire
38%
Loiret
38%
Lozère
38%
Meuse
38%
Ardèche
37%
Aveyron
37%
Doubs
37%
Lot-et-Garonne
37%
Corrèze
36%
Creuse
36%
Indre
36%
Moselle
36%
Nièvre
36%
Saône-et-Loire
36%
Yonne
36%
Cher
35%
Tarn-et-Garonne
35%
Aube
34%
Haute-Marne
34%
Haute-Saône
34%
Lot
34%
Indre-et-Loire
33%
Tarn
33%
Loir-et-Cher
32%
Aucun quiz correspondant
Distribution des résultats
% des personnes avec chaque résultat
Percentile par nombre de réponses
Votre historique - résultats
Vous n’avez pas pris ce quiz